|
|
|
|
| LEADER |
00000nab a2200000 4500 |
| 001 |
vtls012132988 |
| 003 |
SK-MaSNL |
| 005 |
20260305000709.0 |
| 008 |
220429|2018 xo |||| ||an ||00 0|slo |
| 015 |
|
|
|a SNBRB2022/04
|
| 040 |
|
|
|a SPKCL
|b slo
|e rda
|
| 041 |
|
|
|a slo
|b slo
|b eng
|
| 044 |
|
|
|a xo
|c SK
|
| 072 |
|
7 |
|a 615.8
|x Fyzioterapia. Psychoterapia. Alternatívna medicína
|2 konspekt
|
| 080 |
|
|
|a 615.851:7.02
|2 2011
|
| 100 |
1 |
|
|a Piliarová, Monika
|4 aut
|9 1575448
|
| 245 |
1 |
0 |
|a Postavenie umeleckých terapií v sociálnej práci
|c Monika Piliarová
|
| 300 |
|
|
|b Obrázky
|
| 336 |
|
|
|a text
|b txt
|2 rdacontent
|
| 337 |
|
|
|a bez média
|b n
|2 rdamedia
|
| 338 |
|
|
|a zväzok
|b nc
|2 rdacarrier
|
| 504 |
|
|
|a Obsahuje bibliografiu
|
| 546 |
|
|
|a Anglické a slovenské resumé
|
| 650 |
0 |
7 |
|a arteterapia
|2 SNKPH
|9 2426
|
| 650 |
0 |
7 |
|a sociálna práca
|2 SNKPH
|9 1550
|
| 650 |
0 |
7 |
|a poradenstvo
|2 SNKPH
|9 3604
|
| 655 |
|
7 |
|a BZB
|2 SNKPH
|9 1080216
|
| 773 |
0 |
|
|t Premeny sociálnej práce v čase : 6. ročník Košických dní sociálnej práce
|d Košice : Univerzita Pavla Jozefa Šafárika v Košiciach, 2018
|g S. 184-191
|h online
|z 9788081526015
|
| 856 |
4 |
1 |
|u //www.unibook.upjs.sk/img/cms/2018/ff/premeny-socialnej-prace-v-cas-web.pdf
|
| 958 |
|
|
|a NB
|
| 999 |
|
|
|c 3215135
|d 3217065
|